The Other policy : (Record no. 147087)

MARC details
000 -LEADER
fixed length control field 00977nam a2200289 a 4500
008 - FIXED-LENGTH DATA ELEMENTS--GENERAL INFORMATION
fixed length control field
020 ## - INTERNATIONAL STANDARD BOOK NUMBER
International Standard Book Number 1853390593 (cased)
049 ## - LOCAL HOLDINGS (OCLC)
Holding library MAIN
090 ## - LOCALLY ASSIGNED LC-TYPE CALL NUMBER (OCLC); LOCAL CALL NUMBER (RLIN)
Classification number (OCLC) (R) ; Classification number, CALL (RLIN) (NR) HD2340.8
Local cutter number (OCLC) ; Book number/undivided call number, CALL (RLIN) OTH
003 - CONTROL NUMBER IDENTIFIER
control field
005 - DATE AND TIME OF LATEST TRANSACTION
control field 20230123133341.0
040 ## - CATALOGING SOURCE
Transcribing agency NUST
245 04 - TITLE STATEMENT
Title The Other policy :
Remainder of title the influence of policies on technology choice and small enterprise development /
Statement of responsibility, etc. edited by Frances Stewart, Henk Thomas and Ton de Wilde.
260 ## - PUBLICATION, DISTRIBUTION, ETC.
Place of publication, distribution, etc. London :
Name of publisher, distributor, etc. IT Publications,
Date of publication, distribution, etc. 1990.
300 ## - PHYSICAL DESCRIPTION
Extent xxiv, 486 p. ;
Dimensions 24cm.
504 ## - BIBLIOGRAPHY, ETC. NOTE
Bibliography, etc. note Includes bibliographical references.
650 #0 - SUBJECT ADDED ENTRY--TOPICAL TERM
Topical term or geographic name entry element Appropriate technology
General subdivision Government policy.
650 #0 - SUBJECT ADDED ENTRY--TOPICAL TERM
Topical term or geographic name entry element Technology and state.
650 #0 - SUBJECT ADDED ENTRY--TOPICAL TERM
Topical term or geographic name entry element Small business.
700 1# - ADDED ENTRY--PERSONAL NAME
Personal name Stewart, Frances.
700 1# - ADDED ENTRY--PERSONAL NAME
Personal name Thomas, Henk.
700 1# - ADDED ENTRY--PERSONAL NAME
Personal name Wilde, Ton de.
710 2# - ADDED ENTRY--CORPORATE NAME
Corporate name or jurisdiction name as entry element Intermediate Technology Publications.
710 2# - ADDED ENTRY--CORPORATE NAME
Corporate name or jurisdiction name as entry element A.T. International.
907 ## - LOCAL DATA ELEMENT G, LDG (RLIN)
a .b10083285
b 23-09-13
c 17-07-03
942 ## - ADDED ENTRY ELEMENTS (KOHA)
Koha item type Ordinary Loan Books
Call number prefix HD2340.8
Call number suffix OTH
Holdings
Date last seen Total Checkouts Full call number Barcode Cost, replacement price Price effective from Koha item type Lost status Source of classification or shelving scheme Damaged status Not for loan Collection Withdrawn status Home library Current library Shelving location Date acquired Cost, normal purchase price
01/23/2023 1 HD2340.8 OTH 92003004166 80.00 01/23/2023 BOOKS   LCC     NFIC   MAIN MAIN GEN 01/23/2023 80.00